00351 2200145 4500001002100000005001500021035002000036245005200056100001700108300001200125260003400137082000800171084001400179990001200193INLIS00000000000193120250522072906 a0010-05250002231 aMaaf Saya Menghamili Istri Anda /cMoammar Emka0 aMoammar Emka a104 hlm aJakarta :bGagas Media,c2007 a800 a800 MOA m a0713450